000 00553nam a2200193Ia 4500
005 20250326141121.0
008 250326s9999 xx 000 0 und d
020 _a0-07-065103-5
037 _aTextbook
040 _aFMSL
_beng
_cFMSL
041 _aeng
_2eng
084 _aX:9 N5
_qFMSL
100 _aTompkins Jim
_9743750
245 0 _aGenesis enterprise: Creating peak to peak performance
_cTompkins Jim
260 _aNew York
_bNew York, McGraw-Hill Inc.
_c1995
300 _a364p
942 _cTB
_hX:9 N5
999 _c1288775
_d1288775